000 01051nam a22002297a 4500
003 BJBSDDR
005 20260401175334.0
006 a|||||r|||| 00| 0
007 ta
008 260401s1999 sp |||||r|||| 00| 0 spa d
020 _a8493000515
040 _cBJBSDDR
_bspa
041 _aspa
050 _bE77 1999
245 0 0 _aEspaña en la nueva estructura militar de la OTAN /
_cAntonio Marquina Barrio.
260 _aMadrid :
_bUNISCI Asociación Atlántica Española,
_c1999.
300 _a XI,170 páginas ;
_c21 cm
520 _aEspaña se integra plenamente en la OTAN en los años 90 tras su transformación post-Guerra Fría. La nueva estructura militar es más flexible, multinacional y orientada a gestión de crisis. España pasa de una participación limitada a un papel activo, ganando influencia internacional y modernizando sus fuerzas armadas. Sin embargo, esto implica adaptación interna y cierta pérdida de autonomía en defensa.
700 1 _aMarquina Barrio, Antonio
_923724
_eeditor
942 _2lcc
_n0
_cBK
946 _illh
999 _c126736
_d126736